Statistics for Countries that have a German embassy

Click here to take the quiz!

General Stats

  • This quiz has been taken 21 times
  • The average score is 100 of 147

Answer Stats

Answer% Correct
United Kingdom
100%
Belarus
93%
Bosnia and Herzegovina
93%
Denmark
93%
Finland
93%
France
93%
Greece
93%
Hungary
93%
Iraq
93%
Ireland
93%
Lithuania
93%
Luxembourg
93%
Netherlands
93%
Poland
93%
Slovakia
93%
Slovenia
93%
Spain
93%
Sweden
93%
Ukraine
93%
Albania
86%
Algeria
86%
Armenia
86%
Austria
86%
Bangladesh
86%
Belgium
86%
Bulgaria
86%
China
86%
Croatia
86%
Estonia
86%
India
86%
Iran
86%
Italy
86%
Latvia
86%
Morocco
86%
Norway
86%
Portugal
86%
Russia
86%
Saudi Arabia
86%
Serbia
86%
South Korea
86%
Azerbaijan
79%
Czechia
79%
Egypt
79%
Georgia
79%
Japan
79%
Kosovo
79%
Libya
79%
Montenegro
79%
Niger
79%
Nigeria
79%
Oman
79%
Pakistan
79%
Romania
79%
South Africa
79%
Switzerland
79%
Turkey
79%
United States
79%
Australia
71%
Brazil
71%
Cambodia
71%
Cameroon
71%
Canada
71%
Chad
71%
Ghana
71%
Iceland
71%
Indonesia
71%
Laos
71%
Malaysia
71%
Mali
71%
Myanmar
71%
Nepal
71%
Sri Lanka
71%
Tunisia
71%
Vietnam
71%
Argentina
64%
Chile
64%
Cyprus
64%
Dominican Republic
64%
D.R Congo
64%
Eritrea
64%
Kenya
64%
Kuwait
64%
Lebanon
64%
Malta
64%
Moldova
64%
Mongolia
64%
North Macedonia
64%
Philippines
64%
Senegal
64%
Singapore
64%
South Sudan
64%
Turkmenistan
64%
United Arab Emirates
64%
Angola
57%
Bahrain
57%
Botswana
57%
Brunei
57%
Djibouti
57%
Ethiopia
57%
Israel
57%
Jordan
57%
Kazakhstan
57%
Kyrgyzstan
57%
Mauritania
57%
Mexico
57%
Mozambique
57%
New Zealand
57%
Qatar
57%
Tajikistan
57%
Thailand
57%
Uzbekistan
57%
Bolivia
50%
Burkina Faso
50%
Colombia
50%
Ecuador
50%
Gabon
50%
Gambia
50%
Haiti
50%
Ivory Coast
50%
Madagascar
50%
Rep. of Congo
50%
Rwanda
50%
Tanzania
50%
Togo
50%
Uganda
50%
Uruguay
50%
Zambia
50%
Zimbabwe
50%
Benin
43%
Burundi
43%
Costa Rica
43%
Cuba
43%
Fiji
43%
Guatemala
43%
Jamaica
43%
Liberia
43%
Namibia
43%
Paraguay
43%
Sierra Leone
43%
Venezuela
43%
El Salvador
36%
Guinea
36%
Honduras
36%
Malawi
36%
Nicaragua
36%
Panama
36%
Trinidad and Tobago
29%

Score Distribution

Percentile by Number Answered

Percent of People with Each Score

Your Score History

You have not taken this quiz